Calentamiento mundial: el mundo puede enfrentar con éxito el cambio climático

Salvato in:
Dettagli Bibliografici
Natura: testo
Soggetti:
Tags: Aggiungi Tag
Nessun Tag, puoi essere il primo ad aggiungerne!!

MARC

LEADER 00000 a a2200000 04500
001 8146
003
040
245 |a Calentamiento mundial:   |b el mundo puede enfrentar con éxito el cambio climático  
650 |a CONTAMINACION DEL MEDIO AMBIENTE  
650 |a FMI  
650 |a ECONOMIA  
650 |a CONTROL DE EMISION DE GASES  
773 |g volumen 36, número 12; páginas 179  
999 |c 21348  |d 21348